| 000 | 00377cam a2200169ua 4500 | ||
|---|---|---|---|
| 001 | 390 | ||
| 008 | 120629n1967 II |||gr||||Z||||||eng | ||
| 040 | _aMAIN | ||
| 041 | _aEnglish | ||
| 082 | _a823 YOY | ||
| 100 | _aYOYE, HUGH. | ||
| 245 | _aTHE SPRINGING TIGER | ||
| 260 |
_aKOLKATA _bTHE WORLD PRESS _c1967 |
||
| 300 |
_a530: _c20CM. |
||
| 653 | _aEnglish fiction | ||
| 942 | _cBK | ||
| 999 |
_c390 _d390 |
||